| 000 | 00461nam a2200169 4500 | ||
|---|---|---|---|
| 001 | 131373 | ||
| 003 | ES-MaACL | ||
| 005 | 20230906193952.0 | ||
| 007 | t| | ||
| 008 | 070214s1948 xxk r ||||1| eng d | ||
| 100 | 1 |
_aRobson, William A. _997964 |
|
| 245 | 1 | 0 |
_aPublic administration today / _cby William A. Robson. |
| 250 | _a1st publ. | ||
| 260 |
_aLondon : _bStevens & Sons, _c1948. |
||
| 300 |
_a26 p. ; _c18 cm. |
||
| 852 |
_aES-MaACL _j1887-F-2 _bR.25989 |
||
| 999 |
_c131373 _d131373 |
||